<?xml version="1.0" encoding="UTF-8"?>
<record
    xmlns:xsi="http://www.w3.org/2001/XMLSchema-instance"
    xsi:schemaLocation="http://www.loc.gov/MARC21/slim http://www.loc.gov/standards/marcxml/schema/MARC21slim.xsd"
    xmlns="http://www.loc.gov/MARC21/slim">

  <leader>04451nam a2200397 a 4500</leader>
  <controlfield tag="001">ebr10657899</controlfield>
  <controlfield tag="003">CaPaEBR</controlfield>
  <controlfield tag="006">m        u        </controlfield>
  <controlfield tag="007">cr cn|||||||||</controlfield>
  <controlfield tag="008">120831s2013    enkad   sb    001 0 eng d</controlfield>
  <datafield tag="010" ind1=" " ind2=" ">
    <subfield code="z">  2012033915</subfield>
  </datafield>
  <datafield tag="020" ind1=" " ind2=" ">
    <subfield code="z">9781119945550 (cloth)</subfield>
  </datafield>
  <datafield tag="020" ind1=" " ind2=" ">
    <subfield code="z">9781118314913 (e-book)</subfield>
  </datafield>
  <datafield tag="040" ind1=" " ind2=" ">
    <subfield code="a">CaPaEBR</subfield>
    <subfield code="c">CaPaEBR</subfield>
  </datafield>
  <datafield tag="035" ind1=" " ind2=" ">
    <subfield code="a">(OCoLC)809456967</subfield>
  </datafield>
  <datafield tag="050" ind1="1" ind2="4">
    <subfield code="a">K5194</subfield>
    <subfield code="b">.W55 2013eb</subfield>
  </datafield>
  <datafield tag="082" ind1="0" ind2="4">
    <subfield code="a">364.4/045</subfield>
    <subfield code="2">23</subfield>
  </datafield>
  <datafield tag="245" ind1="0" ind2="4">
    <subfield code="a">The Wiley-Blackwell handbook of legal and ethical aspects of sex offender treatment and management</subfield>
    <subfield code="h">[electronic resource] /</subfield>
    <subfield code="c">edited by Karen Harrison and Bernadette Rainey.</subfield>
  </datafield>
  <datafield tag="246" ind1="3" ind2="0">
    <subfield code="a">Handbook of legal and ethical aspects of sex offender treatment and management</subfield>
  </datafield>
  <datafield tag="260" ind1=" " ind2=" ">
    <subfield code="a">Chichester, West Sussex ;</subfield>
    <subfield code="a">Malden, Mass. :</subfield>
    <subfield code="b">John Wiley &amp; Sons,</subfield>
    <subfield code="c">2013.</subfield>
  </datafield>
  <datafield tag="300" ind1=" " ind2=" ">
    <subfield code="a">xxvi, 494 p. :</subfield>
    <subfield code="b">ill. (some col.)</subfield>
  </datafield>
  <datafield tag="504" ind1=" " ind2=" ">
    <subfield code="a">Includes bibliographical references and index.</subfield>
  </datafield>
  <datafield tag="505" ind1="0" ind2=" ">
    <subfield code="a">Sexual offenders, law, and morals : can behaviour and attitudes be changed by legal and moral efforts? / Knut Hermstad -- Human rights and sexual offenders / Bernadette Rainey -- Sex offenders, consent to treatment, and the politics of risk / Phil Fennell -- Special offender groups and equality : a duty to treat differently? / Bernadette Rainey -- Expert evidence, ethics, and the law / Tony Ward -- Ethical issues in sex offender research / Tony Ward and Gwenda Willis -- Reintegrative and disintegrative shaming : legal and ethical issues /  Anne-Marie McAlinden -- Castrate 'em? : treatments, cures, and ethical considerations in UK press coverage of chemical castration / Peter Brown -- Sentencing sex offenders : an international comparison of sentencing policy and legislation / Karen Harrison -- Sentencing and criminal justice policy for sexual crimes in Japan : possible impact of the lay judge system / Mari Hirayama -- Unique disadvantages, unique needs : Native American sex offenders / Nora V. Demleitner -- Mandated reporting laws : experiences from Israel / Sheri Oz -- Treatment for adult sex offenders : may we reject the null hypothesis? / Marnie E. Rice and Grant T. Harris -- Ethical issues in treating sexual offenders : applying empirically-based process features of treatment delivery / W. L. Marshall and L. E. Marshall -- A forensic psychologist's involvement in working with sex offenders /  Daniel T. Wilcox -- Punishment and the rehabilitation of sex offenders : an ethical maelstrom / Tony Ward and Chelsea Rose -- Distinguishing moral and clinical decisions in sex offender programmes : the good lives model and virtue ethics / Bill Glaser -- Pharmacological treatment of sexual offenders and its legal and ethical aspects / Raphaela Basdekis-Jozsa, Daniel Turner, and Peer Briken -- Female sexual offenders : the need for a gender responsive approach / Sherry Ashfield, Sheila Brotherston, Hilary Eldridge and Ian Elliott -- A convergent approach to sex offender risk assessment / Jeffrey C. Singer, Douglas P. Boer, and Martin Rettenberger -- Sex offender registration in the USA and the UK : emerging legal and ethical debates / Terry Thomas -- A more ethical way of working : circles of support and accountability / Stephen Hanvey and Mechtild H'ing -- Ethical practice and the use of the polygraph in working with sex offenders / Daniel T. Wilcox -- Sex offender civil commitment : legal and ethical issues / Rebecca L. Jackson and Christmas N. Covell -- Sex offender residence restrictions : a systematic review of the literature / Daniel Pacheco and J.C. Barnes -- The travelling sex offender : monitoring movements across international borders / Terry Thomas -- Hell is other people : the importance of controlling paedophilic activity / Xanth Mallett and Jann Karp.</subfield>
  </datafield>
  <datafield tag="533" ind1=" " ind2=" ">
    <subfield code="a">Electronic reproduction.</subfield>
    <subfield code="b">Palo Alto, Calif. :</subfield>
    <subfield code="c">ebrary,</subfield>
    <subfield code="d">2013.</subfield>
    <subfield code="n">Available via World Wide Web.</subfield>
    <subfield code="n">Access may be limited to ebrary affiliated libraries.</subfield>
  </datafield>
  <datafield tag="650" ind1=" " ind2="0">
    <subfield code="a">Sex offenders.</subfield>
  </datafield>
  <datafield tag="650" ind1=" " ind2="0">
    <subfield code="a">Sex offenders</subfield>
    <subfield code="x">Rehabilitation.</subfield>
  </datafield>
  <datafield tag="650" ind1=" " ind2="0">
    <subfield code="a">Sex offenders</subfield>
    <subfield code="x">Treatment.</subfield>
  </datafield>
  <datafield tag="650" ind1=" " ind2="0">
    <subfield code="a">Sex crimes</subfield>
    <subfield code="x">Treatment.</subfield>
  </datafield>
  <datafield tag="650" ind1=" " ind2="0">
    <subfield code="a">Sex crimes</subfield>
    <subfield code="x">Moral and ethical aspects.</subfield>
  </datafield>
  <datafield tag="650" ind1=" " ind2="0">
    <subfield code="a">Forensic psychology.</subfield>
  </datafield>
  <datafield tag="655" ind1=" " ind2="7">
    <subfield code="a">Electronic books.</subfield>
    <subfield code="2">local</subfield>
  </datafield>
  <datafield tag="700" ind1="1" ind2=" ">
    <subfield code="a">Harrison, Karen,</subfield>
    <subfield code="d">1974-</subfield>
  </datafield>
  <datafield tag="700" ind1="1" ind2=" ">
    <subfield code="a">Rainey, Bernadette.</subfield>
  </datafield>
  <datafield tag="710" ind1="2" ind2=" ">
    <subfield code="a">ebrary, Inc.</subfield>
  </datafield>
  <datafield tag="856" ind1="4" ind2="0">
    <subfield code="u">http://site.ebrary.com/lib/rucke/Doc?id=10657899</subfield>
    <subfield code="z">An electronic book accessible through the World Wide Web; click to view</subfield>
  </datafield>
  <datafield tag="999" ind1=" " ind2=" ">
    <subfield code="c">64919</subfield>
    <subfield code="d">64919</subfield>
  </datafield>
</record>
